Premier League Double-Double - Statistics

General Stats
  • This quiz has been taken 318 times
    155 since last reset
  • The average score is 51 of 77
Answer Stats
Season Player Team Gls Ast % Correct
2024-25 Mohamed Salah Liverpool 29 18
100%
2023-24 Mohamed Salah Liverpool 18 10
100%
2022-23 Mohamed Salah Liverpool 19 12
100%
2021-22 Mohamed Salah Liverpool 23 12
100%
2019-20 Mohamed Salah Liverpool 19 10
100%
2017-18 Mohamed Salah Liverpool 32 10
100%
2023-24 Son Heung-min Tottenham Hotspur 17 10
99%
2020-21 Son Heung-min Tottenham Hotspur 17 10
99%
2019-20 Son Heung-min Tottenham Hotspur 11 10
99%
2023-24 Cole Palmer Chelsea 22 11
98%
2020-21 Harry Kane Tottenham Hotspur 23 14
98%
2023-24 Ollie Watkins Aston Villa 19 13
94%
2022-23 Bukayo Saka Arsenal 14 11
89%
2004-05 Thierry Henry Arsenal 25 15
88%
2002-03 Thierry Henry Arsenal 24 20
88%
2019-20 Kevin De Bruyne Manchester City 13 20
85%
2017-18 Raheem Sterling Manchester City 18 11
85%
2010-11 Didier Drogba Chelsea 11 11
84%
2009-10 Didier Drogba Chelsea 29 10
84%
2005-06 Didier Drogba Chelsea 12 11
84%
2009-10 Frank Lampard Chelsea 22 14
83%
2008-09 Frank Lampard Chelsea 12 10
83%
2006-07 Frank Lampard Chelsea 11 10
83%
2004-05 Frank Lampard Chelsea 13 16
83%
2020-21 Bruno Fernandes Manchester United 18 12
82%
2006-07 Cristiano Ronaldo Manchester United 17 13
82%
2017-18 Riyad Mahrez Leicester City 12 10
82%
2015-16 Riyad Mahrez Leicester City 17 11
82%
2013-14 Wayne Rooney Manchester United 17 10
82%
2012-13 Wayne Rooney Manchester United 12 10
82%
2010-11 Wayne Rooney Manchester United 11 11
82%
2007-08 Wayne Rooney Manchester United 12 11
82%
2006-07 Wayne Rooney Manchester United 14 11
82%
2005-06 Wayne Rooney Manchester United 16 10
82%
1994-95 Alan Shearer Blackburn Rovers 34 11
79%
2018-19 Eden Hazard Chelsea 16 15
79%
2013-14 Luis Suárez Liverpool 31 12
79%
2011-12 Robin van Persie Arsenal 30 11
79%
2008-09 Robin van Persie Arsenal 11 10
79%
2013-14 Steven Gerrard Liverpool 13 14
77%
2023-24 Anthony Gordon Newcastle United 11 10
69%
2021-22 Jarrod Bowen West Ham United 12 10
69%
1998-99 Dennis Bergkamp Arsenal 12 12
68%
1997-98 Dennis Bergkamp Arsenal 16 11
68%
1997-98 Michael Owen Liverpool 18 11
65%
2016-17 Alexis Sánchez Arsenal 24 10
62%
2018-19 Leroy Sané Manchester City 10 10
60%
2017-18 Leroy Sané Manchester City 10 15
60%
1998-99 Dwight Yorke Manchester United 18 11
59%
1995-96 Ryan Giggs Manchester United 11 16
58%
2003-04 Robert Pirès Arsenal 14 10
57%
2011-12 Gareth Bale Tottenham Hotspur 10 11
54%
2021-22 Mason Mount Chelsea 11 10
54%
1996-97 Eric Cantona Manchester United 10 12
49%
1995-96 Eric Cantona Manchester United 14 11
49%
1993-94 Eric Cantona Manchester United 18 11
49%
1995-96 Teddy Sheringham Tottenham Hotspur 16 10
48%
2012-13 Theo Walcott Arsenal 14 10
48%
2009-10 Cesc Fàbregas Arsenal 15 13
47%
2017-18 Christian Eriksen Tottenham Hotspur 10 10
45%
1994-95 Matt Le Tissier Southampton 19 16
45%
1992-93 Matt Le Tissier Southampton 15 11
45%
2007-08 Dimitar Berbatov Tottenham Hotspur 15 10
39%
2011-12 Emmanuel Adebayor Tottenham Hotspur 17 11
37%
1994-95 Chris Sutton Blackburn Rovers 15 16
34%
1993-94 Chris Sutton Norwich City 25 17
34%
2012-13 Juan Mata Chelsea 11 12
33%
2012-13 Santi Cazorla Arsenal 12 11
29%
1999-00 Paolo Di Canio West Ham United 16 13
28%
1994-95 Jürgen Klinsmann Tottenham Hotspur 20 11
22%
2013-14 Rickie Lambert Southampton 13 10
22%
2012-13 Lukas Podolski Arsenal 11 10
17%
1994-95 Peter Beardsley Newcastle United 12 11
12%
1993-94 Peter Beardsley Newcastle United 21 12
12%
1994-95 Bryan Roy Nottingham Forest 13 17
5%
1994-95 Ruel Fox Newcastle United 10 14
2%
1994-95 Kevin Gallen Queens Park Rangers 10 10
1%
No matching quizzes found
Score Distribution
Percent of People with Each Score
Percentile by Number Answered
Your Score History
You have not taken this quiz since the last reset